Nuestra psicopatología medicolegal en la encrucijada del tercer milenio (Record no. 15926)

MARC details
000 -LEADER
campo de control de longitud fija 00694nam a2200217 i 4500
001 - NÚMERO DE CONTROL
campo de control 15926
003 - IDENTIFICADOR DE NÚMERO DE CONTROL
campo de control ES-MaACL
005 - FECHA Y HORA DE LA ÚLTIMA TRANSACCIÓN
campo de control 20230906151210.0
007 - CAMPO FIJO DE DESCRIPCIÓN FÍSICA--INFORMACIÓN GENERAL
campo de control de longitud fija t|
008 - DATOS DE LONGITUD FIJA--INFORMACIÓN GENERAL
campo de control de longitud fija 000519s1999 sp ||||1| spa d
020 ## - NÚMERO INTERNACIONAL ESTÁNDAR DEL LIBRO
Número Internacional Estándar del Libro 84-88365-09-8
080 ## - NÚMERO DE LA CLASIFICACIÓN DECIMAL UNIVERSAL
Número de la Clasificación Decimal Universal 616.89
080 ## - NÚMERO DE LA CLASIFICACIÓN DECIMAL UNIVERSAL
Número de la Clasificación Decimal Universal 343.953
100 1# - ENTRADA PRINCIPAL--NOMBRE DE PERSONA
Nombre de persona López Zanón, Antonio.
9 (RLIN) 74045
245 10 - MENCIÓN DEL TÍTULO
Título Nuestra psicopatología medicolegal en la encrucijada del tercer milenio
Resto del título : (breve ensayo sobre los mas acuciantes problemas) /
Mención de responsabilidad, etc. Antonio López Zanón.
260 ## - PUBLICACIÓN, DISTRIBUCIÓN, ETC.
Lugar de publicación, distribución, etc. Madrid :
Nombre del editor, distribuidor, etc. Edipo,
Fecha de publicación, distribución, etc. 1999.
300 ## - DESCRIPCIÓN FÍSICA
Extensión 96 p. ;
Dimensiones 19 cm.
650 #4 - PUNTO DE ACCESO ADICIONAL DE MATERIA--TÉRMINO DE MATERIA
Término de materia o nombre geográfico como elemento de entrada Psicopatología.
9 (RLIN) 16577
650 #4 - PUNTO DE ACCESO ADICIONAL DE MATERIA--TÉRMINO DE MATERIA
Término de materia o nombre geográfico como elemento de entrada Delicuentes-
Subdivisión general Psicología.
9 (RLIN) 11550
852 ## - LOCALIZACIÓN
Ubicación ES-MaACL
Número de control de estantería L-22902
Sublocalización o colección R.128098
Holdings
Estatus retirado Estado de pérdida Estado de daño No para préstamo Biblioteca de origen Biblioteca actual Ubicación en estantería Fecha de adquisición Fuente de adquisición Total de préstamos Signatura topográfica completa Código de barras Visto por última vez Precio de reemplazo Tipo de ítem Koha
        Biblioteca del Ateneo de Madrid Biblioteca del Ateneo de Madrid Depósito 2 17/01/2008     L-22902 1016187 23/02/2023 23/02/2023 Libro impreso